000 00296nam a2200109Ia 4500
008 200302s9999 xx 000 0 und d
100 _aBeth Ellis and Others
245 _aManual of leaf Architecture
260 _bAssociation with the New York Botanical Garden
260 _c2009
300 _a190 P.,
999 _c4118
_d4118